[Event "Quebec-ch U14"]
[Site "Montreal CAN"]
[Date "2012.11.24"]
[Round "2"]
[White "Yu, Zong Yang"]
[Black "Chiku-Ratte, Olivier-Kenta"]
[Result "0-1"]
[WhiteElo "2099"]
[BlackElo "2207"]
[PlyCount "92"]
[GameId "2160767909411299"]
[EventDate "2012.11.23"]
[EventType "tourn"]
[EventRounds "4"]
[EventCountry "CAN"]
[SourceTitle "EXT 2022"]
[Source "ChessBase"]
[SourceDate "2021.10.06"]
[SourceVersion "1"]
[SourceVersionDate "2021.10.06"]
[SourceQuality "1"]

1. e4 c5 2. Nc3 Nc6 3. g3 g6 4. Bg2 Bg7 5. d3 d6 6. f4 e6 7. Nf3 Nge7 8. O-O O-O 9. Be3 Nd4 10. Qd2 Rb8 11. Nd1 b6 12. c3 Nxf3+ 13. Bxf3 Ba6 14. Bf2 Qd7 15. a4 d5 16. e5 d4 17. c4 Nc6 18. Be1 Bb7 19. Qg2 Na5 20. b4 Bxf3 21. Qxf3 Nc6 22. b5 Ne7 23. a5 f6 24. exf6 Bxf6 25. Bd2 Bg7 26. Nf2 Nf5 27. axb6 axb6 28. Ra2 e5 29. Kh1 exf4 30. gxf4 Rbe8 31. Ne4 Re7 32. Rfa1 Qb7 33. Ng5 Qxf3+ 34. Nxf3 Ne3 35. Ra8 Ref7 36. Rxf8+ Bxf8 37. Ng5 Rxf4 38. Ne6 Rf2 39. Bxe3 dxe3 40. Kg1 Bd6 41. Ra8+ Kf7 42. Ng5+ Ke7 43. Ra7+ Ke8 44. Rxh7 Rf5 45. Ne4 Be5 46. Ra7 e2 0-1

[Event "Quebec-ch U14"]
[Site "Montreal CAN"]
[Date "2012.11.24"]
[Round "3"]
[White "Chiku-Ratte, Olivier-Kenta"]
[Black "Shi, Ling Yun"]
[Result "1-0"]
[WhiteElo "2207"]
[BlackElo "1724"]
[PlyCount "125"]
[GameId "2160767909411300"]
[EventDate "2012.11.23"]
[EventType "tourn"]
[EventRounds "4"]
[EventCountry "CAN"]
[SourceTitle "EXT 2022"]
[Source "ChessBase"]
[SourceDate "2021.10.06"]
[SourceVersion "1"]
[SourceVersionDate "2021.10.06"]
[SourceQuality "1"]

1. d4 d5 2. c4 e6 3. Nc3 Nf6 4. cxd5 Nxd5 5. e4 Nxc3 6. bxc3 Be7 7. Nf3 O-O 8. Be2 Nd7 9. O-O b6 10. Bf4 Nf6 11. Bd3 Bb7 12. Qe2 c5 13. Rfd1 Qc8 14. e5 Bxf3 15. Qxf3 Nd5 16. Qe4 f5 17. exf6 Nxf6 18. Qe1 c4 19. Bc2 Qd7 20. Be5 Bd6 21. Bxf6 gxf6 22. Qe2 Rac8 23. Re1 Rfe8 24. Qf3 f5 25. h3 Re7 26. Re3 Rce8 27. Rae1 Kh8 28. Qh5 Rg8 29. Qh6 Reg7 30. Qxe6 Qxe6 31. Rxe6 Rxg2+ 32. Kf1 f4 33. Be4 Rg1+ 34. Ke2 Rxe1+ 35. Kxe1 Rd8 36. Kd2 Kg7 37. a4 Bf8 38. Rc6 Re8 39. f3 Be7 40. Rxc4 Bd6 41. Rc6 Re6 42. a5 bxa5 43. Ra6 Rh6 44. Rxa7+ Kh8 45. Rxa5 Rxh3 46. Ra8+ Kg7 47. Ra7+ Kh8 48. Rd7 Rh6 49. Bxh7 Rxh7 50. Rxd6 Rh3 51. Ke2 Kg7 52. Re6 Rh5 53. Re4 Rf5 54. c4 Kf6 55. d5 Kg5 56. Kd3 Rf8 57. c5 Rc8 58. c6 Rd8 59. Kd4 Rc8 60. Kc5 Rd8 61. c7 Rc8 62. d6 Kf5 63. Kc6 1-0

[Event "Quebec-ch U14"]
[Site "Montreal CAN"]
[Date "2012.11.24"]
[Round "3"]
[White "Yu, Zong Yang"]
[Black "Zhu, Hong Rui"]
[Result "1-0"]
[WhiteElo "2099"]
[BlackElo "2103"]
[PlyCount "99"]
[GameId "2160767909411301"]
[EventDate "2012.11.23"]
[EventType "tourn"]
[EventRounds "4"]
[EventCountry "CAN"]
[SourceTitle "EXT 2022"]
[Source "ChessBase"]
[SourceDate "2021.10.06"]
[SourceVersion "1"]
[SourceVersionDate "2021.10.06"]
[SourceQuality "1"]

1. d4 d5 2. c4 e6 3. Nc3 Nf6 4. Bg5 Be7 5. e3 O-O 6. Nf3 Nbd7 7. Bd3 dxc4 8. Bxc4 a6 9. a4 c5 10. O-O b6 11. Qe2 cxd4 12. Nxd4 Bb7 13. Rfd1 Nd5 14. Bxe7 Nxc3 15. Bxd8 Nxe2+ 16. Bxe2 Rfxd8 17. Rac1 Nc5 18. a5 Nd7 19. Bf3 Rab8 20. Nc6 Bxc6 21. Rxc6 Ne5 22. Rxd8+ Rxd8 23. Rxb6 Nxf3+ 24. gxf3 Ra8 25. b4 g6 26. f4 Kf8 27. Rb7 Kg7 28. Kg2 Kf6 29. e4 Kg7 30. Kg3 Rd8 31. Rb6 Ra8 32. Kg4 Ra7 33. Kg5 h6+ 34. Kg4 Kf6 35. f5 h5+ 36. Kf4 g5+ 37. Ke3 Ke5 38. fxe6 fxe6 39. b5 axb5 40. Rxb5+ Kf6 41. f4 gxf4+ 42. Kxf4 Rh7 43. a6 Ra7 44. e5+ Kg6 45. Rb6 Rf7+ 46. Ke4 Rf2 47. Rxe6+ Kg7 48. a7 Ra2 49. Re7+ Kf8 50. Rb7 1-0

[Event "Quebec-ch U14"]
[Site "Montreal CAN"]
[Date "2012.11.25"]
[Round "4"]
[White "Luo, Wei Han"]
[Black "Chiku-Ratte, Olivier-Kenta"]
[Result "1/2-1/2"]
[WhiteElo "1008"]
[BlackElo "2207"]
[PlyCount "98"]
[GameId "2160767909411302"]
[EventDate "2012.11.23"]
[EventType "tourn"]
[EventRounds "4"]
[EventCountry "CAN"]
[SourceTitle "EXT 2022"]
[Source "ChessBase"]
[SourceDate "2021.10.06"]
[SourceVersion "1"]
[SourceVersionDate "2021.10.06"]
[SourceQuality "1"]

1. d4 Nf6 2. c4 c5 3. d5 e6 4. Nc3 exd5 5. cxd5 d6 6. e4 g6 7. Nf3 Bg7 8. Bb5+ Nbd7 9. Bf4 Qc7 10. O-O O-O 11. h3 a6 12. Be2 Re8 13. Qc2 b5 14. Nd2 c4 15. Rfe1 Nc5 16. Bf1 Nfd7 17. a4 Rb8 18. axb5 axb5 19. Na2 Nb6 20. Rab1 f5 21. f3 fxe4 22. Nxe4 Bf5 23. Nac3 Nxe4 24. fxe4 Bd7 25. Na2 Ra8 26. Ra1 Bd4+ 27. Kh1 Rf8 28. Qd2 Rxf4 29. Qxd4 Qc5 30. Qxc5 dxc5 31. Nc3 Rxa1 32. Rxa1 b4 33. g3 Rf3 34. Kg2 Rf8 35. Nd1 Bb5 36. Ra5 Ba4 37. Ne3 Bb3 38. Rxc5 Na4 39. Rb5 Re8 40. Bxc4 Bxc4 41. Nxc4 Rxe4 42. Rxb4 Nc5 43. Rb8+ Kg7 44. b3 Nxb3 45. Rxb3 Rxc4 46. Rd3 Rc7 47. d6 Rd7 48. Kf3 Kf6 49. Kg4 h6 1/2-1/2

[Event "Quebec-ch U14"]
[Site "Montreal CAN"]
[Date "2012.11.25"]
[Round "4"]
[White "Zhu, Hong Rui"]
[Black "Shi, Ling Yun"]
[Result "1-0"]
[WhiteElo "2103"]
[BlackElo "1724"]
[PlyCount "67"]
[GameId "2160767909411303"]
[EventDate "2012.11.23"]
[EventType "tourn"]
[EventRounds "4"]
[EventCountry "CAN"]
[SourceTitle "EXT 2022"]
[Source "ChessBase"]
[SourceDate "2021.10.06"]
[SourceVersion "1"]
[SourceVersionDate "2021.10.06"]
[SourceQuality "1"]

1. e4 c5 2. Nf3 Nc6 3. d4 cxd4 4. Nxd4 d6 5. Nc3 Nf6 6. Be2 e6 7. Be3 Be7 8. O-O O-O 9. Kh1 Qc7 10. f4 Nxd4 11. Bxd4 e5 12. Be3 Bd7 13. Bd3 Bc6 14. Qe2 a6 15. a4 Nd7 16. Nd5 Bxd5 17. exd5 Nf6 18. c4 Rfe8 19. a5 Nd7 20. Qc2 g6 21. f5 Kg7 22. Rf3 Bh4 23. Raf1 Re7 24. Rh3 Bf6 25. Bh6+ Kg8 26. fxg6 fxg6 27. Bxg6 Qxa5 28. Bd2 Qd8 29. Bxh7+ Kf8 30. Bh6+ Ke8 31. Bg6+ Rf7 32. Bxf7+ Kxf7 33. Qh7+ Ke8 34. Qg8+ 1-0

[Event "Quebec-ch U14"]
[Site "Montreal CAN"]
[Date "2012.11.25"]
[Round "5"]
[White "Shi, Ling Yun"]
[Black "Yu, Zong Yang"]
[Result "0-1"]
[WhiteElo "1724"]
[BlackElo "2099"]
[PlyCount "108"]
[GameId "2160767909411304"]
[EventDate "2012.11.23"]
[EventType "tourn"]
[EventRounds "4"]
[EventCountry "CAN"]
[SourceTitle "EXT 2022"]
[Source "ChessBase"]
[SourceDate "2021.10.06"]
[SourceVersion "1"]
[SourceVersionDate "2021.10.06"]
[SourceQuality "1"]

1. e4 c5 2. Nf3 d6 3. Bb5+ Bd7 4. Bxd7+ Qxd7 5. O-O Nc6 6. Nc3 g6 7. d3 Bg7 8. Be3 Nf6 9. h3 O-O 10. Qd2 Rfc8 11. Rfe1 Rab8 12. a4 Ne8 13. Bh6 Bh8 14. Rab1 Nd4 15. Nh2 Nc7 16. b3 a6 17. Ng4 b5 18. Bg5 Nce6 19. Be3 Rb7 20. axb5 axb5 21. Nd5 Ra8 22. c3 Nc6 23. b4 Ra3 24. Ra1 cxb4 25. Rxa3 bxa3 26. Qa2 Nc5 27. Nb4 e6 28. Bxc5 dxc5 29. Nxc6 Qxc6 30. Qxa3 h5 31. Ne3 Bf6 32. Rc1 Kg7 33. Nf1 c4 34. dxc4 bxc4 35. f3 Qb6+ 36. Kh1 Qb2 37. Qxb2 Rxb2 38. Ne3 Bg5 39. Re1 Bxe3 40. Rxe3 Rc2 41. f4 Kf6 42. Kg1 Ke7 43. Kf1 Kd6 44. g4 h4 45. f5 Ke5 46. fxg6 fxg6 47. Rf3 g5 48. Rf7 Rxc3 49. Rg7 Kf6 50. Rc7 Rxh3 51. Rxc4 Rg3 52. Kf2 Rxg4 53. Rc3 Rxe4 54. Rf3+ Rf4 0-1

[Event "Quebec-ch U14"]
[Site "Montreal CAN"]
[Date "2012.11.25"]
[Round "5"]
[White "Zhu, Hong Rui"]
[Black "Luo, Wei Han"]
[Result "1-0"]
[WhiteElo "2103"]
[BlackElo "1008"]
[PlyCount "71"]
[GameId "2160767909411305"]
[EventDate "2012.11.23"]
[EventType "tourn"]
[EventRounds "4"]
[EventCountry "CAN"]
[SourceTitle "EXT 2022"]
[Source "ChessBase"]
[SourceDate "2021.10.06"]
[SourceVersion "1"]
[SourceVersionDate "2021.10.06"]
[SourceQuality "1"]

1. e4 Nc6 2. Nf3 d6 3. d4 e5 4. Bb5 Bd7 5. O-O exd4 6. Nxd4 Nxd4 7. Bxd7+ Qxd7 8. Qxd4 Nf6 9. Nc3 Be7 10. Bf4 O-O 11. h3 Rfd8 12. Rad1 c6 13. Rfe1 Qe6 14. a3 Nd7 15. Qe3 Ne5 16. b3 Bf6 17. Ne2 Ng6 18. Bg3 Be5 19. f4 Nxf4 20. Nxf4 Qf6 21. Nh5 Qg6 22. Bxe5 dxe5 23. Ng3 Qe6 24. Rd3 Re8 25. Red1 Re7 26. Nf5 Ree8 27. Qg5 Qg6 28. Ne7+ Rxe7 29. Qxe7 Rf8 30. Rd8 Qxg2+ 31. Kxg2 h5 32. Qg5 f6 33. Qxh5 f5 34. R1d7 fxe4 35. Rxf8+ Kxf8 36. Qf7# 1-0

[Event "Quebec-ch U16"]
[Site "Montreal CAN"]
[Date "2012.11.23"]
[Round "1"]
[White "Alcantara, Maximo jr"]
[Black "Morin-Pare, Victor"]
[Result "1-0"]
[WhiteElo "1822"]
[BlackElo "1324"]
[PlyCount "102"]
[GameId "2160767909411306"]
[EventDate "2012.11.23"]
[EventType "tourn"]
[EventRounds "4"]
[EventCountry "CAN"]
[SourceTitle "EXT 2022"]
[Source "ChessBase"]
[SourceDate "2021.10.06"]
[SourceVersion "1"]
[SourceVersionDate "2021.10.06"]
[SourceQuality "1"]

1. d4 Nf6 2. c4 g6 3. Nc3 Bg7 4. e4 d6 5. Be2 O-O 6. f4 c5 7. d5 Ne8 8. Be3 f5 9. exf5 Bxf5 10. Bd3 Bxd3 11. Qxd3 Qb6 12. Rb1 Nf6 13. Nf3 Nbd7 14. h3 Nh5 15. O-O Nxf4 16. Qe4 Nh5 17. Qe6+ Kh8 18. Qxd7 Qb4 19. Qb5 Bxc3 20. bxc3 Qxc3 21. Qb2 Qxb2 22. Rxb2 Ng3 23. Re1 b6 24. Bg5 Nf5 25. g4 h6 26. Bd2 Ng7 27. Nh4 Kh7 28. Rxe7 Rfe8 29. Rxe8 Rxe8 30. Bc3 Re3 31. Bxg7 Kxg7 32. Rb3 Re1+ 33. Kf2 Rc1 34. Ra3 a5 35. Ra4 Rc2+ 36. Kg3 Rc3+ 37. Nf3 Kf6 38. h4 h5 39. gxh5 gxh5 40. Kf4 Rd3 41. Ke4 Rc3 42. Nd2 Rc2 43. Kd3 Rc1 44. Ra3 Rh1 45. Nf3 Kf5 46. Ke3 Rh3 47. Rb3 Kg4 48. Ke4 Rg3 49. a4 Rh3 50. Ne5+ dxe5 51. Rxh3 Kxh3 1-0

[Event "Quebec-ch U16"]
[Site "Montreal CAN"]
[Date "2012.11.23"]
[Round "1"]
[White "Johnson, Nicholas1"]
[Black "Roussel, Lauriane"]
[Result "1-0"]
[WhiteElo "1807"]
[BlackElo "1042"]
[PlyCount "41"]
[GameId "2160767909411307"]
[EventDate "2012.11.23"]
[EventType "tourn"]
[EventRounds "4"]
[EventCountry "CAN"]
[SourceTitle "EXT 2022"]
[Source "ChessBase"]
[SourceDate "2021.10.06"]
[SourceVersion "1"]
[SourceVersionDate "2021.10.06"]
[SourceQuality "1"]

1. c4 e5 2. g3 Nf6 3. Bg2 Be7 4. Nc3 O-O 5. Nf3 d6 6. O-O Nc6 7. d3 Be6 8. Rb1 Qd7 9. Ng5 a6 10. Nxe6 fxe6 11. Bh3 b5 12. cxb5 axb5 13. Nxb5 Nb4 14. Nc3 Nxa2 15. Nxa2 Rxa2 16. Qb3 Qa4 17. Bxe6+ Kh8 18. Qxa2 Qc6 19. Qb3 d5 20. Bh3 e4 21. Bf4 1-0

[Event "Quebec-ch U16"]
[Site "Montreal CAN"]
[Date "2012.11.24"]
[Round "2"]
[White "Alcantara, Maximo jr"]
[Black "Luo, Zhao Yang"]
[Result "1-0"]
[WhiteElo "1822"]
[BlackElo "2044"]
[PlyCount "169"]
[GameId "2160767909411308"]
[EventDate "2012.11.23"]
[EventType "tourn"]
[EventRounds "4"]
[EventCountry "CAN"]
[SourceTitle "EXT 2022"]
[Source "ChessBase"]
[SourceDate "2021.10.06"]
[SourceVersion "1"]
[SourceVersionDate "2021.10.06"]
[SourceQuality "1"]

1. d4 Nf6 2. c4 g6 3. Nc3 Bg7 4. e4 d6 5. Be2 O-O 6. Be3 c5 7. d5 Re8 8. f4 e5 9. fxe5 Rxe5 10. Nf3 Re8 11. Bg5 Qa5 12. Bxf6 Bxf6 13. Qc2 Bd4 14. Rd1 Bg7 15. O-O Nd7 16. Bd3 Nf6 17. h3 Nh5 18. Kh2 Nf4 19. Rde1 Bd7 20. Ng5 Be5 21. g3 Nh5 22. Ne2 f5 23. Nf3 fxe4 24. Bxe4 Bg7 25. Nc3 a6 26. Bd3 b5 27. Ne4 Qb6 28. b3 Rab8 29. Neg5 bxc4 30. bxc4 Qb2 31. Rxe8+ Bxe8 32. Rb1 Qxb1 33. Qxb1 Rxb1 34. Bxb1 Bd7 35. Ne4 Bf5 36. Nfd2 Be5 37. Kg2 Kf8 38. Kf3 Ke7 39. g4 Bxe4+ 40. Nxe4 Ng7 41. Ng5 h6 42. Ne4 Ne8 43. Nd2 g5 44. Bf5 Nf6 45. Nb3 Bc3 46. Ke3 Ne8 47. Nc1 Nf6 48. Ne2 Bb4 49. Bc8 a5 50. Ng3 Kd8 51. Be6 h5 52. Nxh5 Nxh5 53. gxh5 Ke7 54. h6 Bc3 55. h7 Bh8 56. Kf3 Kf6 57. Ke4 Bg7 58. Kd3 Ke5 59. Kc3 Ke4+ 60. Kb3 Kd3 61. Ka4 Bc3 62. Kb5 Be5 63. a4 Kc3 64. Bg4 Kd3 65. Bc8 Bc3 66. Ba6 Ke4 67. h8=Q Bxh8 68. Kxa5 Bf6 69. Kb6 Bd8+ 70. Kc6 Ke5 71. Bb5 Ba5 72. Kb7 Kd4 73. Kc6 Ke5 74. Ba6 Bd8 75. Bc8 Kd4 76. Kb5 Bc7 77. Bg4 Bb8 78. a5 Kd3 79. a6 Ba7 80. Be6 Bb8 81. Kb6 Kxc4 82. Kb7 Kb5 83. Kxb8 Kxa6 84. Kc7 c4 85. Kxd6 1-0

[Event "Quebec-ch U16"]
[Site "Montreal CAN"]
[Date "2012.11.24"]
[Round "2"]
[White "Morin-Pare, Victor"]
[Black "Johnson, Nicholas1"]
[Result "0-1"]
[WhiteElo "1324"]
[BlackElo "1807"]
[PlyCount "66"]
[GameId "2160767909411309"]
[EventDate "2012.11.23"]
[EventType "tourn"]
[EventRounds "4"]
[EventCountry "CAN"]
[SourceTitle "EXT 2022"]
[Source "ChessBase"]
[SourceDate "2021.10.06"]
[SourceVersion "1"]
[SourceVersionDate "2021.10.06"]
[SourceQuality "1"]

1. d4 d5 2. c4 c6 3. Nc3 dxc4 4. a4 Nf6 5. e3 Bf5 6. Bxc4 e6 7. Nf3 Bb4 8. Qb3 Qe7 9. O-O O-O 10. Re1 Nbd7 11. Bd2 Rfd8 12. e4 Bg6 13. d5 Bxc3 14. bxc3 Nc5 15. Qb4 Nfxe4 16. Be3 cxd5 17. Bd3 Qc7 18. Bc2 Rac8 19. Nd4 Na6 20. Qb2 b6 21. Nb5 Qd7 22. Red1 Nd6 23. Bxg6 hxg6 24. Nxd6 Qxd6 25. a5 Nc5 26. Rd4 Ne4 27. axb6 axb6 28. Rb4 Nxc3 29. Rxb6 Qd7 30. Rb7 Rc7 31. Rxc7 Qxc7 32. Rc1 Rc8 33. Bd2 Ne2+ 0-1

[Event "Quebec-ch U16"]
[Site "Montreal CAN"]
[Date "2012.11.24"]
[Round "3"]
[White "Luo, Zhao Yang"]
[Black "Johnson, Nicholas1"]
[Result "1/2-1/2"]
[WhiteElo "2044"]
[BlackElo "1807"]
[PlyCount "100"]
[GameId "2160767909411310"]
[EventDate "2012.11.23"]
[EventType "tourn"]
[EventRounds "4"]
[EventCountry "CAN"]
[SourceTitle "EXT 2022"]
[Source "ChessBase"]
[SourceDate "2021.10.06"]
[SourceVersion "1"]
[SourceVersionDate "2021.10.06"]
[SourceQuality "1"]

1. d4 d5 2. Nf3 Nf6 3. e3 Bf5 4. Be2 e6 5. O-O c6 6. c4 Nbd7 7. Nc3 Be7 8. b3 O-O 9. Nh4 a6 10. Nxf5 exf5 11. Bf3 Ne4 12. Bb2 Ndf6 13. Be2 Re8 14. Bd3 g6 15. Ne2 Bf8 16. Rc1 Bh6 17. Rc2 Nxf2 18. Rxf2 Bxe3 19. h3 Ne4 20. Bxe4 Rxe4 21. Ng3 Re6 22. Qf3 Bxf2+ 23. Qxf2 Qh4 24. Ne2 Qxf2+ 25. Kxf2 dxc4 26. bxc4 g5 27. Ba3 Rd8 28. Rd2 Re4 29. Bc5 h5 30. g3 f6 31. Nc3 Ree8 32. d5 cxd5 33. cxd5 Rc8 34. Na4 Re4 35. d6 Rxa4 36. Bb6 f4 37. d7 fxg3+ 38. Kxg3 Rf8 39. d8=Q Rxd8 40. Bxd8 Kf7 41. Rf2 b5 42. Bxf6 g4 43. h4 Ra3+ 44. Kg2 Ke6 45. Bg7 a5 46. Bh6 a4 47. Rb2 Kf7 48. Bf4 Rf3 49. Bb8 Rf5 50. Bd6 Ke6 1/2-1/2

[Event "Quebec-ch U16"]
[Site "Montreal CAN"]
[Date "2012.11.24"]
[Round "3"]
[White "Morin-Pare, Victor"]
[Black "Roussel, Lauriane"]
[Result "1-0"]
[WhiteElo "1324"]
[BlackElo "1042"]
[PlyCount "49"]
[GameId "2160767909411311"]
[EventDate "2012.11.23"]
[EventType "tourn"]
[EventRounds "4"]
[EventCountry "CAN"]
[SourceTitle "EXT 2022"]
[Source "ChessBase"]
[SourceDate "2021.10.06"]
[SourceVersion "1"]
[SourceVersionDate "2021.10.06"]
[SourceQuality "1"]

1. d4 d5 2. c4 e6 3. Nc3 Nf6 4. Bf4 c6 5. Nf3 Be7 6. e3 Nbd7 7. Bd3 O-O 8. Qc2 dxc4 9. Bxc4 Nb6 10. Bd3 Bd6 11. Bg5 g6 12. h4 Be7 13. h5 Nxh5 14. Bxe7 Qxe7 15. Qe2 Nd5 16. Nxd5 cxd5 17. Ne5 Qg5 18. Kd2 Rd8 19. Rh2 a6 20. Rah1 f6 21. Nf3 Qg4 22. Rh4 Ng3 23. fxg3 Qxg3 24. Rxh7 Rf8 25. Rh8+ 1-0

[Event "Quebec-ch U16"]
[Site "Montreal CAN"]
[Date "2012.11.25"]
[Round "4"]
[White "Luo, Zhao Yang"]
[Black "Morin-Pare, Victor"]
[Result "1-0"]
[WhiteElo "2044"]
[BlackElo "1324"]
[PlyCount "41"]
[GameId "2160767909411312"]
[EventDate "2012.11.23"]
[EventType "tourn"]
[EventRounds "4"]
[EventCountry "CAN"]
[SourceTitle "EXT 2022"]
[Source "ChessBase"]
[SourceDate "2021.10.06"]
[SourceVersion "1"]
[SourceVersionDate "2021.10.06"]
[SourceQuality "1"]

1. d4 Nf6 2. Nf3 g6 3. Bg5 Bg7 4. Nbd2 O-O 5. e4 d6 6. Be2 Re8 7. O-O Nbd7 8. c3 c5 9. dxc5 Nxc5 10. Qc2 a6 11. a4 Bd7 12. e5 Bf5 13. Qd1 Nfe4 14. Nxe4 Nxe4 15. Bf4 Qb6 16. Qc1 Red8 17. a5 Qc5 18. Be3 Qc8 19. exd6 Nxd6 20. Rd1 Nc4 21. Rxd8+ 1-0

[Event "Quebec-ch U16"]
[Site "Montreal CAN"]
[Date "2012.11.25"]
[Round "4"]
[White "Roussel, Lauriane"]
[Black "Alcantara, Maximo jr"]
[Result "0-1"]
[WhiteElo "1042"]
[BlackElo "1822"]
[PlyCount "44"]
[GameId "2160767909411313"]
[EventDate "2012.11.23"]
[EventType "tourn"]
[EventRounds "4"]
[EventCountry "CAN"]
[SourceTitle "EXT 2022"]
[Source "ChessBase"]
[SourceDate "2021.10.06"]
[SourceVersion "1"]
[SourceVersionDate "2021.10.06"]
[SourceQuality "1"]

1. e4 Nf6 2. Nc3 d5 3. e5 Nfd7 4. d4 c5 5. dxc5 e6 6. Nf3 Bxc5 7. Bd3 Nc6 8. Bf4 Qb6 9. O-O Qxb2 10. Na4 Qb4 11. c3 Qxf4 12. Nxc5 Nxc5 13. Bb5 Bd7 14. Nd4 Nxd4 15. Bxd7+ Nxd7 16. cxd4 O-O 17. Rc1 b5 18. Qb3 Qxd4 19. Qxb5 Nxe5 20. Rfd1 Qb6 21. Qe2 Nc4 22. h3 Rab8 0-1

[Event "Quebec-ch U16"]
[Site "Montreal CAN"]
[Date "2012.11.25"]
[Round "5"]
[White "Johnson, Nicholas1"]
[Black "Alcantara, Maximo jr"]
[Result "0-1"]
[WhiteElo "1807"]
[BlackElo "1822"]
[PlyCount "50"]
[GameId "2160767909411314"]
[EventDate "2012.11.23"]
[EventType "tourn"]
[EventRounds "4"]
[EventCountry "CAN"]
[SourceTitle "EXT 2022"]
[Source "ChessBase"]
[SourceDate "2021.10.06"]
[SourceVersion "1"]
[SourceVersionDate "2021.10.06"]
[SourceQuality "1"]

1. c4 Nf6 2. g3 d6 3. Bg2 e5 4. Nc3 c6 5. d4 exd4 6. Qxd4 Be6 7. b3 Nbd7 8. Bb2 Be7 9. e4 Qb6 10. Qxb6 Nxb6 11. O-O-O O-O-O 12. f4 Rhg8 13. Nf3 Bg4 14. h3 Bxf3 15. Bxf3 Nfd7 16. h4 h6 17. Ba3 Kc7 18. e5 Nc8 19. exd6+ Bxd6 20. Bxd6+ Nxd6 21. g4 Rge8 22. Rhe1 Nc5 23. Kc2 Rxe1 24. Rxe1 Ne6 25. f5 Nd4+ 0-1

[Event "Quebec-ch U16"]
[Site "Montreal CAN"]
[Date "2012.11.25"]
[Round "5"]
[White "Roussel, Lauriane"]
[Black "Luo, Zhao Yang"]
[Result "0-1"]
[WhiteElo "1042"]
[BlackElo "2044"]
[PlyCount "60"]
[GameId "2160767909411315"]
[EventDate "2012.11.23"]
[EventType "tourn"]
[EventRounds "4"]
[EventCountry "CAN"]
[SourceTitle "EXT 2022"]
[Source "ChessBase"]
[SourceDate "2021.10.06"]
[SourceVersion "1"]
[SourceVersionDate "2021.10.06"]
[SourceQuality "1"]

1. e4 c6 2. d4 d5 3. exd5 cxd5 4. Nc3 Nf6 5. Nf3 Bg4 6. Be2 Nc6 7. O-O e6 8. Bg5 Be7 9. Ne5 Bxe2 10. Qxe2 Nxd4 11. Qd3 Nc6 12. Qb5 Qc7 13. Bf4 Bd6 14. Nxc6 bxc6 15. Bxd6 Qxd6 16. Qe2 O-O 17. Rad1 Rfb8 18. Ne4 Nxe4 19. Qxe4 Rxb2 20. Qa4 Qc5 21. Rc1 Qb5 22. Qa3 a5 23. Rfe1 Qb4 24. Re3 Rb8 25. Qxb4 R8xb4 26. Rb3 Rxa2 27. h3 c5 28. Rbb1 Rxc2 29. Rxc2 Rxb1+ 30. Kh2 c4 0-1

[Event "Quebec-ch U18"]
[Site "Montreal CAN"]
[Date "2012.11.23"]
[Round "1"]
[White "Cote-Lalumiere, Tristan"]
[Black "Leung, Chin"]
[Result "1-0"]
[WhiteElo "1862"]
[BlackElo "1718"]
[PlyCount "33"]
[GameId "2160767909411316"]
[EventDate "2012.11.23"]
[EventType "tourn"]
[EventRounds "4"]
[EventCountry "CAN"]
[SourceTitle "EXT 2022"]
[Source "ChessBase"]
[SourceDate "2021.10.06"]
[SourceVersion "1"]
[SourceVersionDate "2021.10.06"]
[SourceQuality "1"]

1. e4 c5 2. Nf3 Nf6 3. Nc3 d5 4. Bb5+ Bd7 5. Qe2 d4 6. e5 dxc3 7. exf6 cxd2+ 8. Bxd2 Bxb5 9. Qxb5+ Qd7 10. fxg7 Bxg7 11. Qxc5 Bxb2 12. Rd1 Qe6+ 13. Be3 Nd7 14. Qb4 Qxa2 15. Rxd7 Kxd7 16. Qxb7+ Ke6 17. Qc6+ 1-0

[Event "Quebec-ch U18"]
[Site "Montreal CAN"]
[Date "2012.11.23"]
[Round "1"]
[White "Nikulich, Oleksandr"]
[Black "Sprumont, Oscar"]
[Result "1-0"]
[WhiteElo "1846"]
[BlackElo "1978"]
[PlyCount "71"]
[GameId "2160767909411317"]
[EventDate "2012.11.23"]
[EventType "tourn"]
[EventRounds "4"]
[EventCountry "CAN"]
[SourceTitle "EXT 2022"]
[Source "ChessBase"]
[SourceDate "2021.10.06"]
[SourceVersion "1"]
[SourceVersionDate "2021.10.06"]
[SourceQuality "1"]

1. Nf3 d5 2. c4 e6 3. d4 Nf6 4. g3 Be7 5. Bg2 O-O 6. Nbd2 c5 7. b3 Nc6 8. dxc5 dxc4 9. bxc4 Bxc5 10. O-O Nd4 11. Bb2 Nxf3+ 12. Bxf3 Qc7 13. Nb3 Be7 14. Qc1 Bd7 15. Qc3 Bc6 16. c5 Bxf3 17. Qxf3 Nd5 18. Rac1 Rac8 19. Rc4 Bf6 20. Bxf6 Nxf6 21. Rfc1 Nd5 22. Nd2 Qa5 23. R1c2 b5 24. Rg4 Kh8 25. Rh4 Nf6 26. Ne4 Nxe4 27. Qxe4 g6 28. Qf4 Qe1+ 29. Kg2 Qa1 30. Qb4 Qd1 31. Qb2+ Kg8 32. Rd4 Qe1 33. Rdd2 Rfd8 34. c6 Kf8 35. Rxd8+ Rxd8 36. c7 1-0

[Event "Quebec-ch U18"]
[Site "Montreal CAN"]
[Date "2012.11.24"]
[Round "2"]
[White "Kraiouchkine, Nikita"]
[Black "Nikulich, Oleksandr"]
[Result "1-0"]
[WhiteElo "2321"]
[BlackElo "1846"]
[PlyCount "49"]
[GameId "2160767909411318"]
[EventDate "2012.11.23"]
[EventType "tourn"]
[EventRounds "4"]
[EventCountry "CAN"]
[SourceTitle "EXT 2022"]
[Source "ChessBase"]
[SourceDate "2021.10.06"]
[SourceVersion "1"]
[SourceVersionDate "2021.10.06"]
[SourceQuality "1"]

1. e4 e5 2. Nf3 Nc6 3. d4 exd4 4. Bc4 Bb4+ 5. c3 dxc3 6. bxc3 Qf6 7. O-O Bd6 8. e5 Nxe5 9. Re1 Ne7 10. Nxe5 Bxe5 11. Qh5 Bf4 12. Bxf4 Qxf4 13. Nd2 d5 14. Qxd5 Be6 15. Qb5+ c6 16. Qxb7 Rd8 17. Bxe6 Rxd2 18. Bh3 Qd6 19. Qxa7 Kf8 20. Rab1 g6 21. Qe3 Nf5 22. Bxf5 gxf5 23. Rb7 Qd8 24. Qe5 f6 25. Qe6 1-0

[Event "Quebec-ch U18"]
[Site "Montreal CAN"]
[Date "2012.11.24"]
[Round "2"]
[White "Sprumont, Oscar"]
[Black "Cote-Lalumiere, Tristan"]
[Result "1/2-1/2"]
[WhiteElo "1978"]
[BlackElo "1862"]
[PlyCount "48"]
[GameId "2160767909411319"]
[EventDate "2012.11.23"]
[EventType "tourn"]
[EventRounds "4"]
[EventCountry "CAN"]
[SourceTitle "EXT 2022"]
[Source "ChessBase"]
[SourceDate "2021.10.06"]
[SourceVersion "1"]
[SourceVersionDate "2021.10.06"]
[SourceQuality "1"]

1. e4 e6 2. d4 d5 3. e5 c5 4. c3 Nc6 5. Nf3 Bd7 6. a3 Rc8 7. b4 cxd4 8. cxd4 Qc7 9. Be2 Nxd4 10. Nxd4 Qxc1 11. Qxc1 Rxc1+ 12. Bd1 Ba4 13. Kd2 Rxd1+ 14. Rxd1 Bxd1 15. Kxd1 Kd7 16. Nd2 Ne7 17. Rc1 Nc6 18. Nxc6 bxc6 19. Nb3 Be7 20. Rc3 Rb8 21. Rg3 g6 22. Rf3 Ke8 23. Rc3 Rc8 24. Ke2 Bf8 1/2-1/2